000 00836nam a2200217 a 4500
001 000022088
005 20200930011557.0
008 100916s1975 ag r 000 |bspa d
040 _aDO-SdBNP
_bspa
_cBNPHU
082 _a928.4
_bB386m, 1975
100 1 _aBeauvoir, Simone de
_945766
240 1 0 _aMemoires d'une jeune fille rangée
_lEspañol
245 1 0 _aMemorias de una joven formal /
_cSimone de Beauvoir; traducción, Silvina Bullrich.
260 _aBuenos Aires, (Argentina) :
_bEditorial Sudamericana,
_c1975.
300 _a386 p. ;
_c20 cm.
534 _aTítulo original en frances :
_tMemoires d'une jeune fille
610 1 4 _aBEAUVOIR, SIMONE DE,
_d1908-1986
_xCORRESPONDENCIA, MEMORIAS, ETC.
_945767
650 4 _aAutores
_xCorrespondencia, memorias, etc.
_945768
700 1 _aBullrich, Silvina
_etr.
_945769
049 _aBNGR
999 _c21586
_d21586